Nonparametric methods /

Bibliographic Details
Other Authors: Krishnaiah, Paruchuri R., Sen, Pranab Kumar, 1937-
Format: Book
Language:English
Published: Amsterdam ; New York : North-Holland ; [1991]
Series:Handbook of statistics (Amsterdam, Netherlands) ; v. 4.
Subjects:

MARC

Tag First Indicator Second Indicator Subfields
LEADER 00000cam a2200000 a 4500
001 in00001390521
005 20151020051528.0
008 980413s1991 ne b 001 0 eng d
020 |a 0444868712 (U.S.) 
035 |a (OCoLC)38942515 
035 |9 AHL9773AM 
040 |a UNA  |c UNA  |d TXA  |d UtOrBLW 
049 |a TXAM 
090 |a QA278.8  |b .N65 1991 
245 0 0 |a Nonparametric methods /  |c edited by P.R. Krishnaiah, P.K. Sen. 
264 1 |a Amsterdam ;  |a New York :  |b North-Holland ;  |c [1991] 
264 2 |a New York, N.Y., U.S.A. :  |b Distributors for the United States and Canada, Elsevier Science Pub. Co., 
264 4 |c ©1991 
300 |a xx, 968 pages ;  |c 25 cm. 
336 |a text  |b txt  |2 rdacontent 
337 |a unmediated  |b n  |2 rdamedia 
338 |a volume  |b nc  |2 rdacarrier 
490 1 |a Handbook of statistics ;  |v v. 4 
504 |a Includes bibliographical references and index. 
650 0 |a Nonparametric statistics. 
700 1 |a Krishnaiah, Paruchuri R. 
700 1 |a Sen, Pranab Kumar,  |d 1937- 
830 0 |a Handbook of statistics (Amsterdam, Netherlands) ;  |v v. 4. 
948 |a c:bh 
999 |a MARS 
999 f f |s e22527aa-f578-34f8-b3a0-9070984b21a5  |i bd5d0497-e5b7-3cae-91b6-b5d590becb0b  |t 0 
952 f f |p ric  |a Texas A&M University  |b Rellis Campus  |c Joint Library Facility  |s JLF  |d Remote Storage  |t 0  |e QA278.8 .N65 1991  |h Library of Congress classification  |i unmediated -- volume  |m A14823575013 
998 f f |a QA278.8 .N65 1991  |t 0  |l Remote Storage